[Event "GRE-chT 44th"]
[Site "Achaia"]
[Date "2016.07.09"]
[Round "6.15"]
[White "Sandalakis, Angelos"]
[Black "Makris, Xenophon"]
[Result "1-0"]
[WhiteElo "2444"]
[BlackElo "1916"]
[PlyCount "83"]
[EventDate "2016.07.05"]
[EventType "team-swiss"]
[EventRounds "7"]
[EventCountry "GRE"]
[SourceTitle "CBM 173 Extra"]
[Source "ChessBase"]
[SourceDate "2016.08.29"]
[SourceVersion "1"]
[SourceVersionDate "2016.08.29"]
[SourceQuality "1"]
[WhiteTeam "Rhodes Knight"]
[BlackTeam "Corfu SPZ"]
[WhiteTeamCountry "GRE"]
[BlackTeamCountry "GRE"]

1. e4 e5 2. Nf3 Nc6 3. Bb5 Nf6 4. Qe2 Qe7 5. 0-0 g6 6. c3 Bg7 7. d4 0-0 8. Re1 d6 9. b3 exd4 10. cxd4 Nb4 11. a3 c6 12. Bc4 Na6 13. e5 dxe5 14. dxe5 Nd5 15. Bg5 f6 16. exf6 Qxe2 17. Rxe2 Bxf6 18. Bxf6 Rxf6 19. Nc3 Nac7 20. Bxd5+ Nxd5 21. Nxd5 cxd5 22. Re8+ Rf8 23. Rxf8+ Kxf8 24. Rc1 Bd7 25. Ne5 Be6 26. f4 Rc8 27. Rxc8+ Bxc8 28. Kf2 Ke7 29. Ke3 Be6 30. Kd4 Kd6 31. g4 h5 32. f5 gxf5 33. gxh5 f4 34. h6 Bf5 35. Nf3 Ke6 36. h7 Bxh7 37. Ng5+ Kf5 38. Nxh7 Kg6 39. Nf8+ Kh5 40. Ne6 f3 41. Ke3 d4+ 42. Nxd4 1-0